Formuła 1 - składy zespołów 2012 - Statystyki

Ogólne statystyki
  • Ten quiz został rozwiązany 314 razy
  • Średni wynik to 18 z 25
Statystyki odpowiedzi
Zespół Kraj Odpowiedź Rundy (w przypadku niepełnego sezonu) % Poprawnych
McLaren Wielka Brytania Lewis Hamilton
100%
Red Bull Niemcy Sebastian Vettel
100%
Ferrari Hiszpania Fernando Alonso
99%
Red Bull Australia Mark Webber
96%
Ferrari Brazylia Felipe Massa
95%
Sauber Meksyk Sergio Perez
95%
Lotus Finlandia Kimi Raikkonen
94%
Mercedes Niemcy Michael Schumacher
94%
Mercedes Niemcy Nico Rosberg
94%
McLaren Wielka Brytania Jenson Button
92%
Toro Rosso Australia Daniel Ricciardo
81%
Sauber Japonia Kamui Kobayashi
79%
Williams Wenezuela Pastor Maldonado
77%
Lotus Francja Romain Grosjean 1-12, 14-20
73%
Force India Niemcy Nico Hulkenberg
71%
Caterham Finlandia Heikki Kovalainen
64%
Williams Brazylia Bruno Senna
59%
Caterham Rosja Witalij Pietrow
59%
Toro Rosso Francja Jean-Eric Vergne
47%
Marussia Niemcy Timo Glock
46%
HRT Hiszpania Pedro de la Rosa
42%
Force India Wielka Brytania Paul di Resta
41%
HRT Indie Narain Karthikeyan
35%
Marussia Francja Charles Pic
34%
Lotus Belgia Jerome D'Ambrosio 13
24%
Nie znaleziono quizów pasujących do podanych kryteriów
Rozkład punktacji
Procent ludzi z każdym wynikiem
Percentyl według liczby udzielonych odpowiedzi
Twoja historia wyników
Nie rozwiązałeś tego quizu